| 000 | 00995nab a22002177a 4500 | ||
|---|---|---|---|
| 999 |
_c5438 _d5438 |
||
| 003 | OSt | ||
| 005 | 20250909102645.0 | ||
| 008 | 190604e xxu||||| |||| 00| 0 spa d | ||
| 040 | _cPJ | ||
| 100 |
_96078 _aGasipi, Pablo Luis |
||
| 245 | 1 | 3 |
_aEl DNU 1037/2024 modificó la ley 24.633 y redujo el sistema de vigilancia sobre bienes culturales / _cPablo Luis Gasipi. |
| 260 |
_aCiudad Autónoma de Buenos Aires : _bThomson Reuters La Ley, _c2025. |
||
| 300 | _ap. 60-68 | ||
| 500 | _aCita Online: TR LALEY AR/DOC/486/2025. | ||
| 505 | _aSumario: I. Introducción.— II. Contexto de la ley 24.633.— III. El DNU 1037/2024.— IV. Conclusión. | ||
| 505 | _t¿Te interesa el texto completo? Solicitalo al correo: koha@justierradelfuego.gov.ar | ||
| 650 | 0 |
_9855 _aCULTURA |
|
| 650 | 0 |
_96079 _aPATRIMONIO CULTURAL |
|
| 773 | 0 |
_02714 _93171 _dCiudad Autónoma de Buenos Aires : Thomson Reuters La Ley, 2014- _tRevista anales de legislación argentina. Nº 4 - Abril 2025. |
|
| 942 |
_2udc _cANA |
||